| 000 | 01037nam a22003017a 4500 | ||
|---|---|---|---|
| 003 | URS | ||
| 005 | 20250819172453.0 | ||
| 008 | 250819b |||||||| |||| 00| 0 eng d | ||
| 040 |
_cURS _bEnglish _erda |
||
| 050 | 0 | 0 |
_aRT49 _b.G85 2026 |
| 100 |
_aGulanick, Meg, _eauthor. _96361 |
||
| 245 | 1 | 0 |
_aNursing care plans : _bdiagnoses, interventions, & outcomes / _cMeg Gulanick, Judith L. Myers and Collin Bowman-Woodall. |
| 250 | _a11th ed. | ||
| 260 | _bWolters Kluwer Health, | ||
| 264 |
_aSt. Louis, Missouri : _bElsevier, _c©2026. |
||
| 300 |
_axiv, 954 pages ; _c27 cm. |
||
| 500 | _aIncludes index. | ||
| 650 | 0 |
_aNursing care plans _vHandbooks, manuals, etc. |
|
| 650 | 0 |
_aPatient Care Planning _vHandbooks. |
|
| 650 | 0 |
_aPatient care planning. _94279 |
|
| 650 | 0 |
_aNursing process. _91100 |
|
| 650 | 0 |
_aFamily nursing. _95848 |
|
| 650 | 0 |
_aTransitional care. _95849 |
|
| 650 | 0 |
_aNursing records. _95850 |
|
| 700 |
_aMyers, Judith L., _eauthor. _96362 |
||
| 700 |
_aBowman-Woodall, Collin, _eauthor. _96363 |
||
| 942 |
_2lcc _cR |
||
| 999 |
_c84375 _d84373 |
||